| 000 | 00892cam a22002891 4500 | ||
|---|---|---|---|
| 001 | 6486534 | ||
| 003 | OSt | ||
| 005 | 20140310184356.0 | ||
| 008 | 750625s1895 nyu 000 1 eng | ||
| 010 | _a 49036615 | ||
| 020 | _a0590021176 | ||
| 035 | _a(OCoLC)1411702 | ||
| 040 |
_aDLC _cPGC _dOCoLC _dOKentU _dDLC |
||
| 042 | _apremarc | ||
| 050 | 0 | 0 |
_aPS 1449.R3 _b.C85 |
| 100 | 1 |
_aCrane, Stephen, _d1871-1900. _925610 |
|
| 245 | 1 | 4 |
_aThe red badge of courage : _ban episode of the American civil war / _cStephen Crane. |
| 260 |
_aNew York, _bScholastic Inc. |
||
| 300 |
_a180 p. : _c19 cm. |
||
| 521 | _aG11 | ||
| 526 | _c900 | ||
| 562 | _eFor circulation. One copy is available in the collection | ||
| 651 | 0 |
_aUnited States _xHistory _yCivil War, 1861-1865 _vFiction. _925611 |
|
| 906 |
_a7 _bcbc _coclcrpl _du _encip _f19 _gy-gencatlg |
||
| 942 |
_2lcc _cBK-SCHOLAS |
||
| 999 |
_c34016 _d34016 |
||